|
|
|
|
| LEADER |
00000nam a2200000 a 4500 |
| 001 |
UCO1875 |
| 003 |
CL-VaPUC |
| 008 |
000525e19980000SP |||||||||||||||||spa|d |
| 082 |
0 |
4 |
|a 226
|b MAR
|2 21
|
| 100 |
|
|
|a Marconcini, Benito
|e autor
|9 444447
|
| 245 |
1 |
4 |
|a Los sinópticos: formación, redacción, teología
|
| 300 |
|
|
|a 271 p
|
| 942 |
|
|
|c BK
|
| 945 |
|
|
|d 20000525 00:00:00
|a rbrito
|
| 260 |
|
|
|a Madrid
|b San Pablo
|c 1998
|
| 600 |
|
0 |
|a Marcos
|9 314863
|
| 600 |
|
0 |
|a Mateo
|9 315639
|
| 600 |
|
0 |
|a Lucas
|9 444448
|
| 650 |
|
0 |
|a Evangelios sinópticos
|9 421539
|
| 650 |
|
0 |
|a Evangelios
|9 314864
|
| 650 |
|
0 |
|a Teología
|9 258766
|
| 583 |
|
|
|a last modification
|c 20000525 00:00:00
|k Rodrigo Vera
|
| 999 |
|
|
|c 288465
|d 288463
|
| 952 |
|
|
|0 0
|1 0
|4 0
|6 226_000000000000000_MAR_1998
|7 0
|8 A
|9 336147
|a BIBTEO
|b BIBTEO
|d 2019-11-20
|i 3623319
|o 226 MAR 1998
|p 3623319
|r 2025-01-17
|w 2019-11-20
|y BK
|k ICR
|